Recursos geneticos : (Registro nro. 28698)
[ vista simple ]
| 000 -LEADER | |
|---|---|
| fixed length control field | 01195nam a2200265Ia 4500 |
| 003 - CONTROL NUMBER IDENTIFIER | |
| control field | CO-CtgCURN |
| 005 - DATE AND TIME OF LATEST TRANSACTION | |
| control field | 20250410171820.0 |
| 008 - FIXED-LENGTH DATA ELEMENTS--GENERAL INFORMATION | |
| fixed length control field | 190723s9999 xx 000 0 und d |
| 040 ## - CATALOGING SOURCE | |
| Original cataloging agency | CO-CtgCURN |
| Language of cataloging | spa |
| Transcribing agency | coctgcurn |
| 082 ## - DEWEY DECIMAL CLASSIFICATION NUMBER | |
| Classification number | 344.046 |
| Item number | C335 |
| 100 ## - MAIN ENTRY--PERSONAL NAME | |
| Personal name | Casas Isaza, Adriana |
| 245 #0 - TITLE STATEMENT | |
| Title | Recursos geneticos : |
| Remainder of title | biodiversidad y derecho / |
| Statement of responsibility, etc. | Adriana Casas Isaza |
| 260 ## - PUBLICATION, DISTRIBUTION, ETC. | |
| Place of publication, distribution, etc. | Bogotá, Colombia : |
| Name of publisher, distributor, etc. | Grupo Editorial Ibañez, |
| Date of publication, distribution, etc. | 1999 |
| 300 ## - PHYSICAL DESCRIPTION | |
| Extent | 252 páginas ; |
| Dimensions | 23 centímetros |
| 500 ## - GENERAL NOTE | |
| General note | Incluye índice y prólogo |
| 504 ## - BIBLIOGRAPHY, ETC. NOTE | |
| Bibliography, etc. note | Incluye referencias bibliográficas (p. 251-252) |
| 505 ## - FORMATTED CONTENTS NOTE | |
| Formatted contents note | Cap. 1. Colombia y su biodiversidad -- Cap. 2. Contexto jurídico mundial y nacional del acceso a los recursos geneticos de la diversidad biologica -- Cap. 3. El derecho comunitario andino y la decision 391 de 1996 -- Cap. 4. Conclusiones y recomendaciones |
| 521 ## - TARGET AUDIENCE NOTE | |
| Target audience note | AREA PROFESIONAL |
| 590 ## - LOCAL NOTE (RLIN) | |
| Local note | Programa de Derecho_18 |
| 650 ## - SUBJECT ADDED ENTRY--TOPICAL TERM | |
| Topical term or geographic name entry element | Biodiversidad |
| 650 ## - SUBJECT ADDED ENTRY--TOPICAL TERM | |
| Topical term or geographic name entry element | Derecho ambiental |
| Geographic subdivision | Colombia |
| 942 ## - ADDED ENTRY ELEMENTS (KOHA) | |
| Koha item type | Libros |
| Classification part | 344.046 |
| Item part | C335 |
| Koha issues (borrowed), all copies | 2 |
| Source of classification or shelving scheme | Dewey Decimal Classification |
| Suppress in OPAC | No |
| Withdrawn status | Lost status | Source of classification or shelving scheme | Damaged status | Not for loan | Collection | Home library | Current library | Shelving location | Date acquired | Source of acquisition | Inventory number | Total checkouts | Full call number | Barcode | Date last seen | Copy number | Price effective from | Koha item type | Public note | Date last checked out |
|---|---|---|---|---|---|---|---|---|---|---|---|---|---|---|---|---|---|---|---|---|
| Dewey Decimal Classification | Miguel Henríquez Castañeda Barranquilla | Miguel Henríquez Castañeda Barranquilla | General | 05/23/2018 | Compra OC-08-004-15 | 04137 | 344.046 C335 | 04137 | 07/23/2019 | ej.1 | 07/23/2019 | Libros | Compra OC-08-004-15 IIP 2015 | |||||||
| Dewey Decimal Classification | Miguel Henríquez Castañeda Barranquilla | Miguel Henríquez Castañeda Barranquilla | General | 05/23/2018 | Compra OC-08-004-15 | 04138 | 2 | 344.046 C335 | 04138 | 02/27/2024 | ej.2 | 07/23/2019 | Libros | Compra OC-08-004-15 IIP 2015 | 02/23/2024 |